NCAA D1 FBS Schools - Statistics

General Stats
  • This quiz has been taken 36 times
  • The average score is 99 of 138
Answer Stats
Conference School % Correct
ACC Clemson
91%
ACC North Carolina
91%
Independent Notre Dame
91%
MAC Ohio
91%
Big Ten Ohio State
91%
SEC Texas
91%
Independent Connecticut
87%
SEC Florida
87%
ACC Florida State
87%
ACC Miami
87%
Big Ten Michigan
87%
Big Ten Michigan State
87%
Big Ten Oregon
87%
Pac-12 Oregon State
87%
SEC Vanderbilt
87%
ACC Virginia
87%
Big Ten Washington
87%
Pac-12 Washington State
87%
SEC Alabama
83%
Big 12 Arizona
83%
Big 12 Arizona State
83%
SEC Arkansas
83%
Mountain West Boise State
83%
ACC Boston College
83%
ACC Duke
83%
SEC Georgia
83%
ACC Georgia Tech
83%
Big Ten Indiana
83%
SEC Missouri
83%
SEC Oklahoma
83%
Big 12 Oklahoma State
83%
Big Ten Penn State
83%
SEC South Carolina
83%
SEC Tennessee
83%
SEC Texas A&M
83%
ACC Virginia Tech
83%
ACC Wake Forest
83%
SEC Auburn
78%
Big Ten Illinois
78%
Big Ten Iowa
78%
Big 12 Iowa State
78%
SEC Kentucky
78%
SEC LSU
78%
SEC Mississippi State
78%
ACC NC State
78%
SEC Ole Miss
78%
Big 12 Texas Tech
78%
Big Ten USC
78%
Big 12 Utah
78%
Mountain West Utah State
78%
American UTSA
78%
Mountain West Air Force
74%
American Army
74%
ACC California
74%
Big 12 Cincinnati
74%
Big 12 Colorado
74%
MAC Eastern Michigan
74%
Big 12 Kansas
74%
ACC Louisville
74%
Big Ten Maryland
74%
American Memphis
74%
Big Ten Minnesota
74%
American Navy
74%
Big Ten Nebraska
74%
Mountain West New Mexico
74%
Big Ten Northwestern
74%
ACC Pittsburgh
74%
Big Ten Rutgers
74%
ACC SMU
74%
ACC Stanford
74%
Big 12 TCU
74%
Big Ten UCLA
74%
Mountain West UNLV
74%
MAC Western Michigan
74%
Big Ten Wisconsin
74%
MAC Akron
70%
MAC Ball State
70%
Big 12 BYU
70%
MAC Central Michigan
70%
Mountain West Fresno State
70%
Big 12 Houston
70%
Big 12 Kansas State
70%
Sun Belt Louisiana
70%
MAC Massachuchets
70%
Mountain West Nevada
70%
Big Ten Purdue
70%
CUSA Sam Houston
70%
American South Florida
70%
ACC Syracuse
70%
Sun Belt Texas State
70%
American Tulane
70%
CUSA UTEP
70%
CUSA Western Kentucky
70%
Big 12 West Virginia
70%
Big 12 Baylor
65%
Mountain West Colorado State
65%
American East Carolina
65%
American Florida Atlantic
65%
CUSA Florida International
65%
Sun Belt Georgia State
65%
MAC Kent State
65%
Sun Belt Marshall
65%
CUSA New Mexico State
65%
MAC Northern Illinois
65%
American North Texas
65%
American Rice
65%
Mountain West San Diego State
65%
Sun Belt Southern Miss
65%
MAC Toledo
65%
Sun Belt Troy
65%
American Tulsa
65%
Big 12 UCF
65%
Sun Belt Appalachian State
61%
MAC Bowling Green
61%
MAC Buffalo
61%
Sun Belt Coastal Carolina
61%
CUSA Delaware
61%
Sun Belt Georgia Southern
61%
CUSA Jacksonville State
61%
Sun Belt James Maddison
61%
CUSA Kennesaw State
61%
Mountain West San Jose State
61%
Mountain West Wyoming
61%
CUSA Liberty
57%
Sun Belt Louisiana-Monroe
57%
CUSA Louisiana Tech
57%
American Temple
57%
American UAB
57%
Sun Belt Arkansas State
52%
MAC Miami (OH)
52%
Sun Belt Old Dominion
52%
Sun Belt South Alabam
52%
Mountain West Hawai'i
48%
CUSA Middle Tennessee
48%
CUSA Missouri State
48%
American Charlotte
39%
Mountain West North Dakota State
35%
MAC Sacramento State
35%
No matching quizzes found
Score Distribution
Percent of People with Each Score
Percentile by Number Answered
Your Score History
You have not taken this quiz